Don't Take It Personally-Selena Gomez, benny blanco (All Lyrics) - Statistics

General Stats
  • This quiz has been taken 12 times
  • The average score is 160 of 198
Answer Stats
Lyrics % Correct
don't
100%
Don't
100%
I
100%
it
100%
it,
100%
just
100%
personally,
100%
personally
100%
Please
100%
take
100%
you
100%
You
100%
your
100%
you're
100%
You're
100%
a
88%
all
88%
are
88%
be
88%
doesn't
88%
energy,
88%
He
88%
he
88%
know
88%
loves
88%
me
88%
meant
88%
No,
88%
so
88%
some
88%
that
88%
then
88%
things
88%
to
88%
want
88%
waste
88%
around,
75%
beautiful,
75%
both
75%
came
75%
day
75%
deserve
75%
ever
75%
every
75%
find
75%
gonna
75%
his
75%
honey,
75%
it's
75%
like
75%
met
75%
of
75%
official
75%
Oh
75%
oh,
75%
parents,
75%
perfect
75%
somebody
75%
talk
75%
the
75%
two
75%
used
75%
we
75%
been
63%
board
63%
bottle
63%
face
63%
for
63%
hasn't
63%
in
63%
In
63%
jealous,
63%
middle
63%
my
63%
right
63%
same
63%
since
63%
stress
63%
swallow
63%
vodka,
63%
ya
63%
And
50%
and
50%
bed,
50%
dart
50%
drown
50%
eat,
50%
get
50%
got
50%
hard
50%
probably
50%
sleeps
50%
Forever,
38%
forever,
38%
forever
38%
Forever
38%
remembered
38%
sorrows
38%
would
38%
still
25%
No matching quizzes found
Score Distribution
Percent of People with Each Score
Percentile by Number Answered
Your Score History
You have not taken this quiz